| 000 | 00627nam a2200181 i 4500 | ||
|---|---|---|---|
| 001 | 69905 | ||
| 003 | ES-MaACL | ||
| 005 | 20230906170645.0 | ||
| 007 | t| | ||
| 008 | 040713s1971 sp f |||| | spa d | ||
| 100 | 1 |
_aGarcía Lorca, Federico, _d1898-1936 _954853 |
|
| 245 | 1 | 0 |
_aGranada, paraíso cerrado y otras páginas granadinas / _cFederico García Lorca ; edición, introducción y notas de Enrique Martínez López. |
| 260 |
_aGranada : _bMiguel Sánchez, _c[1971] |
||
| 300 |
_a336 p., 4 lám. ; _c19 cm. |
||
| 700 | 1 |
_aMartínez López, Enrique. _978188 |
|
| 852 |
_aES-MaACL _jC-40246 |
||
| 999 |
_c69905 _d69905 |
||